Normal view
MARC view
- بياجيه، جان ؛ ترجمة حربي، محمد خيري؛ مراجعة الفندي،محمد ثابت
Entry Personal Name
001 - CONTROL NUMBER
- control field: 36623
003 - CONTROL NUMBER IDENTIFIER
- control field: JO-AjAnu
005 - DATE AND TIME OF LATEST TRANSACTION
- control field: 20230606080120.0
008 - FIXED-LENGTH DATA ELEMENTS
- fixed length control field: 230606|| aca||aabn | a|a d
040 ## - CATALOGING SOURCE
- Original cataloging agency: JO-AjAnu
- Transcribing agency: JO-AjAnu
100 ## - HEADING--PERSONAL NAME
- Personal name: بياجيه، جان ؛ ترجمة حربي، محمد خيري؛ مراجعة الفندي،محمد ثابت
670 ## - SOURCE DATA FOUND
- Source citation: Work cat.: (JO-AjAnu)18800: بياجيه، جان ؛ ترجمة حربي، محمد خيري؛ مراجعة الفندي،محمد ثابت , author, الحكم الخلقي عند الاطفال